Griftwood Lyrics-Ghost - Statistics

General Stats
  • This quiz has been taken 142 times
  • The average score is 268 of 346
Answer Stats
Answer % Correct
a
100%
I
96%
you
96%
You
96%
the
92%
The
92%
an
90%
and
88%
And
88%
I'm
85%
Yes
85%
your
85%
Are
83%
suffer
83%
Be
81%
ever
81%
for
81%
to
81%
want
81%
again
79%
never
79%
Never
79%
down
77%
is
77%
won't
77%
by
75%
from
75%
in
75%
not
75%
rock
75%
Ask
73%
baby
73%
back
73%
it
73%
like
73%
Holy
71%
moon
71%
Mother
71%
sin
71%
sky
71%
stars
71%
easy
69%
lord
69%
my
69%
shine
69%
Suffering
69%
sun
69%
thing
69%
with
69%
yourself
69%
play
67%
righteous
67%
seat
65%
So
65%
so
65%
spire
65%
believer
63%
feet
63%
on
62%
pyre
62%
sire
62%
adored
56%
game
56%
greatest
56%
loser's
56%
of
56%
view
56%
world
56%
conjuring
54%
console
54%
immaculate
54%
It's
54%
shoulders
54%
washeth
54%
griever
52%
shame
52%
way
52%
guide
50%
power
50%
Sacrifice
50%
worth
50%
deceiver
48%
leads
48%
debt
46%
heavy
46%
ordained
46%
senate
44%
trip
44%
whip
42%
horde
40%
lash
40%
rests
40%
disdain
37%
abhorred
33%
No matching quizzes found
Score Distribution
Percent of People with Each Score
Percentile by Number Answered
Your Score History
You have not taken this quiz